Normal view
MARC view
- Shayan Khan
Entry Personal Name
001 - CONTROL NUMBER
- control field: 98372
003 - CONTROL NUMBER IDENTIFIER
- control field: NUST
005 - DATE AND TIME OF LATEST TRANSACTION
- control field: 20220823161327.0
008 - FIXED-LENGTH DATA ELEMENTS
- fixed length control field: 220823|| aca||aabn | a|a d
040 ## - CATALOGING SOURCE
- Original cataloging agency: NUST
- Transcribing agency: NUST
100 ## - HEADING--PERSONAL NAME
- Personal name: Shayan Khan
670 ## - SOURCE DATA FOUND
- Source citation: Work cat.: (NUST): Shayan Khan, TH-SOF-2032-Extended Order High Gain Observer Based Model Predictive Control Of An Electric Vehicle, 2022.
